000 00836nmm a2200277 a 4500
001 ocm000702688
003 TR-IsHL
005 20201028131526.0
008 131028s1964 tu tur
007 cr cn
035 _a702688
_b(N$T)
050 0 4 _aRC87
_b.A97 1964
090 0 4 _aRC87
_b.A97 1964
100 1 _aAyral, Naci
245 1 0 _aBandaj ve atel tatbiki kısım: 1 bandaj bilgisi
_h[electronic resource] /
_cNaci Ayral
260 _aAnkara :
_bAnkara Üniversitesi Eczacılık Fakültesi,
_c1964
300 _a44 p.
650 4 _aTıp
650 4 _aMedicine
650 0 _aBandaj
650 0 _aBandage
650 0 _aAtel tatbiki
650 0 _aApplication of splints
650 7 _aMEDICAL / General
_2bisacsh
856 4 0 _uhttp://search.ebscohost.com/login.aspx?direct=true&scope=site&db=e011xww&AN=702688
999 _c4609
_d4609